Giấc ngủ kỳ lạ của ông Lương Tử Ban
Đã lưu trong:
| Hovedforfatter: | |
|---|---|
| Format: | Bog |
| Sprog: | Undetermined |
| Udgivet: |
Hà Nội
Nhà xuất bản Hà Nội
20042005
|
| Fag: | |
| Tags: |
Tilføj Tag
Ingen Tags, Vær først til at tagge denne postø!
|
| Thư viện lưu trữ: | Trung tâm Học liệu Trường Đại học Cần Thơ |
|---|
| LEADER | 00572nam a2200193Ia 4500 | ||
|---|---|---|---|
| 001 | CTU_95685 | ||
| 008 | 210402s9999 xx 000 0 und d | ||
| 020 | |c 21000 | ||
| 082 | |a 895.922301 | ||
| 082 | |b L123 | ||
| 100 | |a Ngô, Tự Lập | ||
| 245 | 0 | |a Giấc ngủ kỳ lạ của ông Lương Tử Ban | |
| 245 | 0 | |c Ngô Tự Lập | |
| 260 | |a Hà Nội | ||
| 260 | |b Nhà xuất bản Hà Nội | ||
| 260 | |c 20042005 | ||
| 650 | |a Short stories, vietnamese | ||
| 904 | |i M.Loan | ||
| 980 | |a Trung tâm Học liệu Trường Đại học Cần Thơ | ||